Gaming Quiz

Random Gaming Quiz
Score 0/26 Timer 20:00
0 Plays Today
Answer % Correct
Kirby
100%
Kane & Lynch
66.7%
Katamari
66.7%
Kid Icarus
66.7%
Killer Instinct
66.7%
Killzone
66.7%
Kinect Sports
66.7%
Kingdom Hearts
66.7%
The King of Fighters
66.7%
King's Quest
66.7%
Klonoa
66.7%
Kuino-Kun
66.7%
Kururin
66.7%
Answer % Correct
Keyboardmania
33.3%
Kid Niki
33.3%
Kotoba no Puzzle
33.3%
Kyle Hyde
33.3%
Kick Off
33.3%
King of Monsters
33.3%
Karaoke Revolution
33.3%
Kamen Rider
33.3%
Knockout Kings
33.3%
Koshien
33.3%
King's Fields
33.3%
Kerbal Space Program
33.3%
Keitai Denju Telefang
33.3%
Remove Ads.
Support Sporcle.
Get the best of Sporcle when you Go Orange. This ad-free experience offers more features, more stats, and more fun while also helping to support Sporcle. Thank you for becoming a member.

You're not logged in!

Compare scores with friends on all Sporcle quizzes.
OR
Log In

Show Comments

Extras

Created Sep 29, 2019ReportNominate
Tags:franchise, Video

Top Quizzes Today


Score Distribution

Your Account Isn't Verified!

In order to create a playlist on Sporcle, you need to verify the email address you used during registration. Go to your Sporcle Settings to finish the process.

Report this User

Report this user for behavior that violates our Community Guidelines.

Details: